| 000 | 00929cpcaa2200265 4500 | ||
|---|---|---|---|
| 001 | mm 79003165 | ||
| 003 | DLC | ||
| 005 | 20260227111642.0 | ||
| 008 | 790105|||||||||||| eng | ||
| 010 | _amm 79003165 | ||
| 040 |
_aDLC _cDLC _edacs _dDLC |
||
| 072 | 7 |
_aC _2lcmd |
|
| 100 | 1 |
_aBassett, Richard, _d1745-1815. |
|
| 245 | 0 | 0 |
_aRichard Bassett commission, _f1799. |
| 300 |
_a1 _fitem. |
||
| 506 | 0 | _aOpen to research. | |
| 545 | 0 | _aU.S. senator from and governor of Delaware, Army officer, and jurist. | |
| 546 | _aCollection material in English. | ||
| 580 | _aForms part of: Miscellaneous Manuscripts collection. | ||
| 656 | 7 |
_aArmy officers. _2itoamc |
|
| 656 | 7 |
_aGovernors _zDelaware. _2itoamc |
|
| 656 | 7 |
_aJurists. _2itoamc |
|
| 656 | 7 |
_aSenators, U.S. Congress _zDelaware. _2itoamc |
|
| 999 |
_c41247 _d41247 |
||